| 000 | 01145nam a2200337 c 4500 | ||
|---|---|---|---|
| 999 |
_c167399 _d167399 |
||
| 003 | BLK | ||
| 005 | 20250122134448.0 | ||
| 008 | 180411b bul|||||r ||||||| ||bul|| | ||
| 010 | _aKNG00175201000 | ||
| 040 | _aBLK | ||
| 041 |
_aBUL _cBUL |
||
| 072 | 7 |
_2bullib _aК _xКраезнание |
|
| 080 |
_aТехника. Технически науки _b62 _z62 |
||
| 139 |
_aТаблица за размери и тегла на разните видове желязо _bТ 13 |
||
| 245 | 1 | 0 | _aТаблица за размери и тегла на разните видове желязо |
| 257 | _aBGR | ||
| 260 |
_c1937 _fРусе : Желязков |
||
| 380 | _a62 | ||
| 500 | _aИзд. на Цочо Недков С-ве. Железария и колониал на едро - Русе | ||
| 651 | 4 |
_aРусе _9179462 |
|
| 653 | _aжелязо | ||
| 659 | _aК | ||
| 852 | _aЦб 123356 | ||
| 852 | _aК 62/Т 13 | ||
| 856 | 4 | _qpdf | |
| 856 | 4 | _qpdf | |
| 942 |
_cKNG _n0 _s1 _01 |
||
| 944 |
_aCR _c14.05.2015 _k30558 _lВаля Йорданова |
||
| 944 |
_aED _c14.05.2015 _kВаля_Йорданова |
||
| 999 | _d167399 | ||